Slightly sophisticated /

Saved in:
Bibliographic Details
Main Author: Heath-Miller, Mavis, 1914-
Format: Book
Language:English
Published: London : Gerald G. Swan, 1945.
LEADER 00740nam a2200205 a 4500
001 c000089070
003 CARM
005 00000000000000.0
008 930309s1945 enk 00011 eng d
019 1 |a 9867731  |5 LACONCORD2021 
035 |a (OCoLC)221641976  |5 LACONCORD2021 
040 |a VLINC  |c VLINC 
100 2 |a Heath-Miller, Mavis,  |d 1914- 
245 1 0 |a Slightly sophisticated /  |c by Mavis Heath-Miller. 
260 |a London :  |b Gerald G. Swan,  |c 1945. 
300 |a 206 p. ;  |c 19 cm. 
852 8 |b CARM  |h A2:AB19G0  |i A01175  |p 0115199  |f BK 
082 0 4 |a 823.914  |2 20 
999 f f |i b43567e6-64fe-51b0-9bd0-a5fad5ebea11  |s aaf30478-2389-540e-84af-8a7dc73c6afc 
952 f f |p Can circulate  |a CAVAL  |b CAVAL  |c CAVAL  |d CARM 1 Store  |e A01175  |f A2:AB19G0  |h Other scheme  |i book  |m 0115199